Der frühere japanische holzschnitt / (Record no. 185782)

MARC details
000 -LEADER
campo de control de longitud fija 00602nam a2200193 i 4500
001 - NÚMERO DE CONTROL
campo de control 185782
003 - IDENTIFICADOR DE NÚMERO DE CONTROL
campo de control ES-MaACL
005 - FECHA Y HORA DE LA ÚLTIMA TRANSACCIÓN
campo de control 20250817051117.0
008 - DATOS DE LONGITUD FIJA--INFORMACIÓN GENERAL
campo de control de longitud fija 160808q1922 gw |||| | ger d
100 1# - ENTRADA PRINCIPAL--NOMBRE DE PERSONA
Nombre de persona Einstein, Carl,
Fechas asociadas al nombre 1885-1940
9 (RLIN) 160386
245 14 - MENCIÓN DEL TÍTULO
Título Der frühere japanische holzschnitt /
Mención de responsabilidad, etc. von Carl Einstein.
260 ## - PUBLICACIÓN, DISTRIBUCIÓN, ETC.
Lugar de publicación, distribución, etc. Berlin :
Nombre del editor, distribuidor, etc. E. Wasmuth A. G.,
Fecha de publicación, distribución, etc. [1922?]
300 ## - DESCRIPCIÓN FÍSICA
Extensión 24 p., 48 p. de lám. ;
Dimensiones 26 cm.
490 1# - MENCIÓN DE SERIE
Mención de serie Orbis pictus ;
Designación de volumen o secuencia 16
650 #7 - PUNTO DE ACCESO ADICIONAL DE MATERIA--TÉRMINO DE MATERIA
Término de materia o nombre geográfico como elemento de entrada Grabado japonés
Fuente del encabezamiento o término embne
9 (RLIN) 160387
830 0# - PUNTO DE ACCESO ADICIONAL DE SERIE-TÍTULO UNIFORME
Título uniforme Orbis pictus ;
Designación de volumen o secuencia 16
9 (RLIN) 192388
852 ## - LOCALIZACIÓN
Ubicación ES-MaACL
Número de control de estantería G-13370
Holdings
Estatus retirado Estado de pérdida Estado de daño No para préstamo Biblioteca de origen Biblioteca actual Ubicación en estantería Fecha de adquisición Fuente de adquisición Total de préstamos Signatura topográfica completa Código de barras Visto por última vez Precio de reemplazo Tipo de ítem Koha
        Biblioteca del Ateneo de Madrid Biblioteca del Ateneo de Madrid Sala Pecera Planta 3 08/08/2016     G-13370 1195836 23/02/2023 23/02/2023 Libro impreso